Storia del cinema dell'orrore-Vol.III (1976/1993) (Record n. 93384)
[ formato base ]
| 000 -LEADER | |
|---|---|
| fixed length control field | 01618nam a2200289Ia 4500 |
| 001 - CONTROL NUMBER | |
| control field | B6120 |
| 003 - CONTROL NUMBER IDENTIFIER | |
| control field | IT-RoPAU |
| 008 - FIXED-LENGTH DATA ELEMENTS--GENERAL INFORMATION | |
| fixed length control field | 130308s9999 xx 000 0 und d |
| 040 ## - CATALOGING SOURCE | |
| Original cataloging agency | IT-RoPAU |
| 040 ## - CATALOGING SOURCE | |
| Transcribing agency | IT-RoPAU |
| 041 ## - LANGUAGE CODE | |
| Language code of text/sound track or separate title | ITALIANO |
| 100 ## - MAIN ENTRY--PERSONAL NAME | |
| Personal name | Cammarota Domenico |
| 100 ## - MAIN ENTRY--PERSONAL NAME | |
| Miscellaneous information | Codice Aut. SPICS: 20164 |
| 245 ## - TITLE STATEMENT | |
| Title | Storia del cinema dell'orrore-Vol.III (1976/1993) |
| 245 ## - TITLE STATEMENT | |
| Remainder of title | Storia del Cinema dell'Orrore-Vol.Iii (1976/1993) |
| 250 ## - EDITION STATEMENT | |
| Edition statement | 1a ed. |
| 260 ## - PUBLICATION, DISTRIBUTION, ETC. (IMPRINT) | |
| Place of publication, distribution, etc. | ROMA |
| 260 ## - PUBLICATION, DISTRIBUTION, ETC. (IMPRINT) | |
| Name of publisher, distributor, etc. | Fanucci |
| 260 ## - PUBLICATION, DISTRIBUTION, ETC. (IMPRINT) | |
| Date of publication, distribution, etc. | 1993 [1° Ed.:1993 - Ed.Ling.Originale:1993] |
| 300 ## - PHYSICAL DESCRIPTION | |
| Extent | "504 p. (prefazione: no ; testo: 504 [pagine: 0-0])" |
| 500 ## - GENERAL NOTE | |
| General note | Volume che prende in Esame tutti I Film Horror Distribuiti in Italia Durante le Stagioni Cinematografiche Comprese Fra Il 1976 e Il 1993, per un totale di 410 Schede Filmiche, Piu' Dati e informazioni supplementari su Altre 380 Pellicole. Sono Affrontate le Tematiche del Genere Horror con Specifiche Filmografie: Mutazioni, Zombies, Demoni, Spettri, Incubi, Vampiri, Cannibalismo, Italian Horror, Hurban Violence, Trash Movie, Psyco Killer. Sono Esaminati Criticamente tutti I Piu' Grandi Autori: David Cronenberg, Stephen King, Dario Argento, Clive Barker, John Carpenter, Steve Spielberg, George Romero, Wes Craven, Francis Ford Coppola, John Landis, Ridley Scott, Peter Weir, tobe Hooper, Brian De Palma e Numerosi Altri. Oltre 70 fotografie a Colori. Bibliografia. Postfazione di Alberto Anile Critico Cinematografico Egiornalista. |
| 650 ## - SUBJECT ADDED ENTRY--TOPICAL TERM | |
| Topical term or geographic name as entry element | GENERI CINEMATOGRAFICI |
| 650 ## - SUBJECT ADDED ENTRY--TOPICAL TERM | |
| Relator term | Codice materia Spics: 6810 |
| 942 ## - ADDED ENTRY ELEMENTS (KOHA) | |
| Koha item type | LIBRO |
| 957 ## - | |
| -- | 1 |
| 999 ## - SYSTEM CONTROL NUMBERS (KOHA) | |
| -- | 1 |
| Withdrawn status | Lost status | Damaged status | Not for loan | Home library | Current library | Date acquired | Total Checkouts | Full call number | Date last seen | Price effective from | Koha item type | Public note |
|---|---|---|---|---|---|---|---|---|---|---|---|---|
| Buone Condizioni | Not For Loan | SPICS-MEDIATECA | SPICS-MEDIATECA | 08/03/2013 | B6120 | 08/03/2013 | 08/03/2013 | LIBRO | Progressivo inserimento: 39313 / N. Volumi: 1 Copie: 1 / data import: 1 marzo 2013 - By Epidotti, Trombetti, Vaglietti. |